[Event "OPEN A"]
[Site "?"]
[Date "2008.08.23"]
[Round "1.1"]
[White "Prochazka, P."]
[Black "Vokac, M."]
[Result "0-1"]
[WhiteElo "1994"]
[BlackElo "2451"]
[PlyCount "60"]
[EventDate "2008.08.23"]
[SourceDate "2008.08.23"]

1. e4 c5 2. Nf3 d6 3. d4 cxd4 4. Nxd4 Nf6 5. Nc3 a6 6. Bg5 e6 7. f4 Nbd7 8. Qf3
Qc7 9. O-O-O b5 10. Bxf6 gxf6 11. Qh5 Qc5 12. e5 fxe5 13. Nxe6 Nf6 14. Qf3 fxe6
15. Qxa8 exf4 16. Bd3 d5 17. Rhe1 Kf7 18. Ne2 Rg8 19. Nd4 Bd6 20. Bf1 e5 21.
Nb3 Qc7 22. Rd3 Bf5 23. Qxa6 Bxd3 24. Bxd3 Rxg2 25. Qxb5 e4 26. Be2 f3 27. Bd1
Bf4+ 28. Kb1 e3 29. c3 e2 30. Bc2 f2 0-1

[Event "Open A"]
[Site "?"]
[Date "2008.08.23"]
[Round "1.2"]
[White "Vojta, T."]
[Black "Schmalz, M."]
[Result "1-0"]
[WhiteElo "2411"]
[BlackElo "1993"]
[PlyCount "61"]
[EventDate "2008.08.23"]
[SourceDate "2008.08.23"]

1. e4 c6 2. d4 d5 3. e5 Bf5 4. Nc3 e6 5. g4 Bg6 6. Nge2 h6 7. Be3 Be7 8. Qd2
Nd7 9. Nf4 Nf8 10. Bd3 Bxd3 11. Qxd3 Bg5 12. O-O-O Ne7 13. Nh5 Bxe3+ 14. fxe3
Rg8 15. Rhf1 Neg6 16. Rf3 Nh7 17. Rdf1 Qe7 18. h4 Rc8 19. Nf4 Nhf8 20. Nxg6
Nxg6 21. h5 Nf8 22. e4 Rc7 23. Kb1 Rh8 24. a3 Rg8 25. Ne2 Rh8 26. exd5 exd5 27.
Ng3 g6 28. e6 fxe6 29. hxg6 Rg8 30. g7 Qxg7 31. Nh5 1-0

[Event "Open A"]
[Site "?"]
[Date "2008.08.23"]
[Round "1.3"]
[White "Rmoutil, M."]
[Black "Studnicka, T."]
[Result "0-1"]
[WhiteElo "1988"]
[BlackElo "2300"]
[PlyCount "90"]
[EventDate "2008.08.23"]
[SourceDate "2008.08.23"]

1. e4 e5 2. Nf3 Nf6 3. Nxe5 d6 4. Nf3 Nxe4 5. d4 d5 6. Bd3 Nc6 7. O-O Be7 8. c4
Nb4 9. Re1 Bf5 10. Bf1 O-O 11. a3 Nc6 12. Nc3 Nxc3 13. bxc3 Bf6 14. Ra2 Na5 15.
cxd5 Qxd5 16. Rb2 b6 17. Rb5 Qd7 18. Ne5 Qc8 19. Bf4 c6 20. Rb2 Qb7 21. Be2
Rad8 22. Bf3 Be6 23. Qa4 Bxe5 24. Bxe5 Nc4 25. Rbe2 b5 26. Qc2 Nxa3 27. Qc1 Nc4
28. Bxg7 Kxg7 29. Qg5+ Kh8 30. Qf6+ Kg8 31. Qg5+ Kh8 32. Qf6+ Kg8 33. Re5 Nxe5
34. Rxe5 Rfe8 35. Be4 Kf8 36. Bxh7 Rd5 37. Qh6+ Ke7 38. Rxe6+ Kd7 39. Rxe8 Kxe8
40. Be4 a5 41. Bxd5 cxd5 42. Qd6 b4 43. cxb4 axb4 44. Qe5+ Kd7 45. h4 b3 0-1

[Event "Open A"]
[Site "?"]
[Date "2008.08.23"]
[Round "?"]
[White "Soural, J."]
[Black "Cervenka, P."]
[Result "0-1"]
[WhiteElo "2285"]
[BlackElo "1985"]
[PlyCount "52"]
[EventDate "2008.08.23"]
[SourceDate "2008.08.23"]

1. d4 d5 2. Nf3 Nf6 3. c4 c6 4. Nc3 dxc4 5. a4 Bg4 6. Ne5 Bh5 7. f3 e6 8. e3
Nd5 9. Bxc4 Bb4 10. Bd2 Nd7 11. Nd3 Be7 12. O-O Bg5 13. Qe1 Nxc3 14. bxc3 O-O
15. e4 c5 16. Bxg5 Qxg5 17. Bb5 Rfd8 18. Bxd7 cxd4 19. Bb5 a6 20. Bc4 Rac8 21.
Ba2 dxc3 22. Qe2 c2 23. Bb3 c1=Q 24. Raxc1 Rxc1 25. Rxc1 Rxd3 26. Rc8+ Rd8 0-1

[Event "Open A"]
[Site "?"]
[Date "2008.08.23"]
[Round "1.5"]
[White "Postupa, M."]
[Black "Taborsky"]
[Result "0-1"]
[WhiteElo "1984"]
[BlackElo "2282"]
[PlyCount "124"]
[EventDate "2008.08.22"]
[SourceDate "2008.08.23"]

1. e4 c5 2. Nc3 Nc6 3. g3 g6 4. Bg2 Bg7 5. d3 d6 6. Be3 Rb8 7. h3 b5 8. Qc1 b4
9. Nce2 Nd4 10. f4 e6 11. c3 bxc3 12. bxc3 Qa5 13. Bd2 Nxe2 14. Nxe2 Ne7 15.
O-O O-O 16. Rb1 Bd7 17. g4 Qa6 18. Rf3 Bc6 19. Ng3 Qxa2 20. Ra1 Qb2 21. Rxa7
Qxc1+ 22. Bxc1 Rb1 23. Rf1 Nc8 24. Ra3 Nb6 25. Be3 Rb2 26. Rf2 Rb1+ 27. Rf1
Rxf1+ 28. Bxf1 Na4 29. d4 cxd4 30. cxd4 Rb8 31. e5 Rb1 32. Kf2 Bf8 33. Ra2 Nc3
34. Rc2 Nd1+ 35. Kg1 Ba4 36. Re2 Nxe3 37. Rxe3 dxe5 38. fxe5 Bh6 39. Ra3 Bc6
40. Kf2 Rb2+ 41. Be2 Rd2 42. Rd3 Rc2 43. Rb3 Bf4 44. Ra3 Kg7 45. Rb3 Bd5 46.
Ra3 Bc4 47. Kf3 Bc1 48. Ra4 Bd5+ 49. Kf2 Rc3 50. h4 Be3+ 51. Ke1 Rc1+ 52. Bd1
Bb3 53. Ra3 Rxd1+ 54. Ke2 Bxd4 55. Rxb3 Rg1 56. Kf3 Bxe5 57. Ne4 Rf1+ 58. Kg2
Rf4 59. Nc5 Rxg4+ 60. Kh3 Rc4 61. Nd7 Rc3+ 62. Rxc3 Bxc3 0-1

[Event "Open A"]
[Site "?"]
[Date "2008.08.23"]
[Round "1.6"]
[White "Stastny, J."]
[Black "Lacha, J."]
[Result "1-0"]
[WhiteElo "2217"]
[BlackElo "1979"]
[PlyCount "47"]
[EventDate "2008.08.23"]
[SourceDate "2008.08.23"]

1. e4 d5 2. Nc3 d4 3. Nce2 c5 4. f4 e5 5. fxe5 Nc6 6. Nf3 Bg4 7. Ng3 Nxe5 8.
Bb5+ Nc6 9. O-O Qc7 10. Qe1 Bxf3 11. gxf3 O-O-O 12. d3 g6 13. f4 h5 14. e5 Bh6
15. Ne4 Nb4 16. Rf2 Nd5 17. Nd6+ Kb8 18. Bc4 Ngf6 19. Nb5 Qe7 20. Qa5 b6 21.
exf6 bxa5 22. fxe7 Nxe7 23. Bd2 a6 24. Na3 1-0

[Event "OPEN A"]
[Site "?"]
[Date "2008.08.23"]
[Round "1.7"]
[White "Sokol, R."]
[Black "Kozak, M."]
[Result "1/2-1/2"]
[WhiteElo "1979"]
[BlackElo "2209"]
[PlyCount "62"]
[EventDate "2008.08.23"]
[SourceDate "2008.08.23"]

1. e4 c6 2. d4 d5 3. Nc3 dxe4 4. Nxe4 Bf5 5. Ng3 Bg6 6. h4 h6 7. Nf3 Nd7 8. h5
Bh7 9. Bd3 Bxd3 10. Qxd3 e6 11. Bf4 Qa5+ 12. Bd2 Bb4 13. Ne4 Ngf6 14. c3 Be7
15. c4 Qa6 16. Ne5 Rd8 17. Nxf6+ Bxf6 18. Ng4 Be7 19. O-O Nf6 20. Ne5 c5 21.
Qg3 Kf8 22. d5 exd5 23. Rfe1 Ne4 24. Qf4 Qf6 25. cxd5 Qxf4 26. Bxf4 Nf6 27. Nc4
Nxd5 28. Bg3 f6 29. Rad1 Kf7 30. Na5 Nb4 31. Nxb7 Rxd1 1/2-1/2

[Event "Open A"]
[Site "?"]
[Date "2008.08.23"]
[Round "1.8"]
[White "Beil, M."]
[Black "Straka, V."]
[Result "0-1"]
[WhiteElo "2208"]
[BlackElo "1978"]
[PlyCount "98"]
[EventDate "2008.08.23"]
[SourceDate "2008.08.23"]

1. e4 c5 2. Nf3 Nc6 3. d4 cxd4 4. Nxd4 g6 5. Nc3 Bg7 6. Be3 Nf6 7. Bc4 O-O 8.
f3 Qb6 9. Ncb5 a6 10. Nf5 Qd8 11. Nh6+ Bxh6 12. Bxh6 axb5 13. Bxf8 Kxf8 14. Bd5
Qb6 15. Qd2 d6 16. g4 Ne5 17. Qf2 Nxd5 18. exd5 Qxf2+ 19. Kxf2 Ra4 20. Kg3 Rc4
21. Rac1 b6 22. c3 Rc5 23. Rhd1 Bb7 24. f4 Nd7 25. f5 Rxd5 26. fxg6 hxg6 27. h4
Ne5 28. Rd4 Nd3 29. Rd1 Rxd4 30. cxd4 Nxb2 31. Rb1 Nc4 32. Rxb5 d5 33. Kf4 f6
34. Rb1 e5+ 35. dxe5 fxe5+ 36. Kg5 d4 37. Kf6 d3 38. h5 gxh5 39. gxh5 d2 40.
Rg1 Be4 41. h6 Bh7 42. Rf1 Ne3 43. Rg1 d1=Q 44. Rxd1 Nxd1 45. Kxe5 Bc2 46. Kd4
Ba4 47. Kc4 Kg8 48. Kb4 b5 49. h7+ Kxh7 0-1

[Event "Open A"]
[Site "?"]
[Date "2008.08.23"]
[Round "1.9"]
[White "Moravec, V."]
[Black "Cerny, M."]
[Result "0-1"]
[WhiteElo "1966"]
[BlackElo "2203"]
[PlyCount "98"]
[EventDate "2008.08.23"]
[SourceDate "2008.08.23"]

1. e4 c5 2. Nc3 e6 3. g3 Nc6 4. Bg2 Nge7 5. f4 d5 6. d3 dxe4 7. dxe4 Qxd1+ 8.
Nxd1 b6 9. Ne3 Ba6 10. Bd2 O-O-O 11. O-O-O g6 12. Nf3 Bg7 13. Ng5 Rdf8 14. Bh3
Nd8 15. e5 Bb7 16. Bg2 Bxg2 17. Nxg2 Nb7 18. Ne3 Nf5 19. Nxf5 gxf5 20. c4 Bh6
21. Nf3 Rd8 22. Bc3 Rhg8 23. Rxd8+ Nxd8 24. Rd1 Bf8 25. Kd2 Be7 26. Ke2 Nc6 27.
b3 Kc7 28. Rd3 h6 29. Kd2 a6 30. a4 h5 31. Kc2 h4 32. Be1 hxg3 33. hxg3 Rh8 34.
Rd2 Rh1 35. Rh2 Nd4+ 36. Kb2 Rf1 37. Nxd4 cxd4 38. Bd2 Rg1 39. Rh7 Rg2 40. Rxf7
Kd8 41. Kc1 d3 42. b4 a5 43. c5 bxc5 44. b5 c4 45. Bxa5+ Ke8 46. Rxe7+ Kxe7 47.
b6 c3 48. Bxc3 Rc2+ 49. Kd1 Rxc3 0-1

[Event "OPEN A"]
[Site "?"]
[Date "2008.08.23"]
[Round "1.10"]
[White "Herejk, P."]
[Black "Havrlik, P."]
[Result "1-0"]
[WhiteElo "2197"]
[BlackElo "1965"]
[PlyCount "41"]
[EventDate "2008.08.23"]
[SourceDate "2008.08.23"]

1. e4 Nc6 2. d4 d5 3. e5 Bf5 4. c3 Qd7 5. Nf3 h5 6. Bd3 h4 7. h3 f6 8. Qc2 Bxd3
9. Qxd3 O-O-O 10. O-O g5 11. Re1 Nh6 12. e6 Qe8 13. Nbd2 g4 14. Nxh4 Qh5 15.
Ng6 gxh3 16. Nxh8 hxg2 17. Kxg2 Nf5 18. Nf7 Qg6+ 19. Kf1 Bh6 20. Nxh6 Rh8 21.
Nxf5 1-0

[Event "Open A"]
[Site "?"]
[Date "2008.08.23"]
[Round "13.1"]
[White "Mejzlik, O."]
[Black "Macek, K."]
[Result "1/2-1/2"]
[WhiteElo "2190"]
[BlackElo "1959"]
[PlyCount "78"]
[EventDate "2008.08.22"]
[SourceDate "2008.08.23"]

1. c4 Nf6 2. Nc3 e6 3. e4 d5 4. cxd5 exd5 5. e5 d4 6. exf6 dxc3 7. Qe2+ Be6 8.
dxc3 Qxf6 9. Nf3 Nc6 10. Bg5 Qf5 11. Qb5 Qe4+ 12. Be2 Bd6 13. O-O O-O 14. Rfe1
a6 15. Qd3 Qxd3 16. Bxd3 h6 17. Bh4 g5 18. Bg3 Bxg3 19. hxg3 Rad8 20. Be4 Bd5
21. g4 Bxe4 22. Rxe4 f5 23. gxf5 Rxf5 24. Rae1 Kg7 25. a3 Rfd5 26. a4 R8d7 27.
Kh2 h5 28. b4 b5 29. axb5 axb5 30. c4 Rf5 31. Ne5 Nxe5 32. Rxe5 Kf6 33. Re6+
Kg7 34. R1e5 Rdf7 35. cxb5 Rxe5 36. Rxe5 Kg6 37. f3 Rf4 38. Re6+ Kf5 39. Rc6
Rxb4 1/2-1/2

[Event "Open A"]
[Site "?"]
[Date "2008.08.??"]
[Round "113.1"]
[White "Vesecky"]
[Black "Groh"]
[Result "1/2-1/2"]
[WhiteElo "1953"]
[BlackElo "2186"]
[PlyCount "90"]
[EventDate "2008.08.22"]
[SourceDate "2008.08.23"]

1. e4 c5 2. c3 Nf6 3. e5 Nd5 4. d4 cxd4 5. cxd4 d6 6. exd6 e6 7. Nf3 Bxd6 8. a3
Nc6 9. Bc4 O-O 10. O-O Bd7 11. Nc3 Nxc3 12. bxc3 e5 13. Bb2 e4 14. Nd2 Bf5 15.
Re1 Re8 16. Nf1 Qc7 17. Ba2 Rad8 18. Ng3 Bg6 19. Qe2 e3 20. fxe3 Bxg3 21. hxg3
Qxg3 22. Qf2 Qxf2+ 23. Kxf2 Be4 24. c4 Re6 25. d5 Rg6 26. g3 Nb8 27. Bb1 f5 28.
Bxe4 fxe4 29. Bd4 Nd7 30. Rf1 Rc8 31. Rac1 b6 32. Kg2 Nf6 33. Rf5 Ng4 34. Rf4
Rf8 35. c5 bxc5 36. Rxe4 Nf6 37. Bxf6 Rgxf6 38. Re6 g6 39. Rc6 g5 40. Rc7 Rd8
41. Rxa7 Rxd5 42. a4 Rd2+ 43. Kg1 Ra2 44. Ra5 Kg7 45. Raxc5 Kg6 1/2-1/2

[Event "Open A"]
[Site "?"]
[Date "2008.08.23"]
[Round "1.14"]
[White "Vanka, M."]
[Black "Havelka, P."]
[Result "1-0"]
[WhiteElo "2184"]
[BlackElo "1957"]
[PlyCount "85"]
[EventDate "2008.08.23"]
[SourceDate "2008.08.23"]

1. e4 d5 2. exd5 Qxd5 3. Nc3 Qa5 4. d4 Nf6 5. Nf3 c6 6. Bd2 Bg4 7. h3 Bxf3 8.
Qxf3 Nbd7 9. O-O-O e6 10. Bc4 Bb4 11. Rhe1 O-O 12. a3 Bxc3 13. Bxc3 Qc7 14. Bd2
Nd5 15. Bd3 b5 16. Re4 Rfe8 17. Rh4 Nf8 18. Re4 Ng6 19. Qg3 Qxg3 20. fxg3 a5
21. c3 Reb8 22. Bf4 Ngxf4 23. gxf4 b4 24. axb4 axb4 25. c4 Ra1+ 26. Kc2 Rxd1
27. Kxd1 Nf6 28. Re5 Rd8 29. Ra5 g6 30. Ke2 Rxd4 31. Ke3 Rd8 32. Bc2 Rc8 33.
Kd4 Nd7 34. c5 Nf6 35. Ke5 Kg7 36. Kd6 Rd8+ 37. Kxc6 Rd2 38. Ba4 Rxb2 39. Kb7
Nd5 40. c6 b3 41. Rxd5 exd5 42. c7 Rc2 43. Bxb3 1-0

[Event "OPEN A"]
[Site "?"]
[Date "2008.08.23"]
[Round "1.15"]
[White "Hlavnicka, J."]
[Black "Fojtu, P."]
[Result "0-1"]
[WhiteElo "1966"]
[BlackElo "2176"]
[PlyCount "82"]
[EventDate "2008.08.23"]
[SourceDate "2008.08.23"]

1. e4 c5 2. Nf3 d6 3. d4 cxd4 4. Nxd4 Nf6 5. Nc3 e6 6. Bg5 Be7 7. Qf3 Nbd7 8.
Bb5 O-O 9. O-O-O a6 10. Ba4 Ne5 11. Qh3 Qc7 12. f4 Nc4 13. g4 b5 14. Bb3 Na5
15. Qg3 Nxb3+ 16. axb3 b4 17. Bxf6 Bxf6 18. Nce2 Bb7 19. Qd3 Rac8 20. g5 Be7
21. Rhg1 Rfd8 22. f5 e5 23. f6 exd4 24. fxe7 Qxe7 25. Nxd4 Qxe4 26. Qxe4 Bxe4
27. Rde1 d5 28. Kd2 Rd6 29. Ra1 h6 30. Ra4 hxg5 31. Rxg5 Rh6 32. Rxb4 Rxh2+ 33.
Ke3 f6 34. Rg1 Bxc2 35. Rb7 Re8+ 36. Kf3 Be4+ 37. Kg3 Rxb2 38. Kh3 g5 39. Rb6
Kf7 40. Rxa6 Rd2 41. Ra7+ Kg6 0-1

[Event "Open A"]
[Site "?"]
[Date "????.??.??"]
[Round "1.16"]
[White "Hosticka"]
[Black "Hronik"]
[Result "1-0"]
[WhiteElo "2172"]
[BlackElo "1954"]
[PlyCount "83"]
[EventDate "2008.08.22"]
[SourceDate "2008.08.23"]

1. e4 d5 2. exd5 Nf6 3. Nf3 Nxd5 4. d4 Bg4 5. Be2 e6 6. O-O Be7 7. c4 Nf6 8.
Qb3 b6 9. Be3 O-O 10. Rd1 Nbd7 11. Nc3 c6 12. Rd2 Qc7 13. Rad1 Rfd8 14. a3 a6
15. h3 Bf5 16. Nh4 Bg6 17. Nxg6 hxg6 18. Qc2 c5 19. d5 exd5 20. Nxd5 Nxd5 21.
Rxd5 Nf6 22. Rxd8+ Rxd8 23. Rxd8+ Bxd8 24. Qa4 a5 25. Qb5 Qd6 26. Qa6 Be7 27.
g3 Qe6 28. Kg2 Ne4 29. Bf3 Nd6 30. Qa8+ Kh7 31. Bd5 Qf6 32. Qc6 Bd8 33. Bf4 Nf5
34. Qd7 Qe7 35. Qxe7 Bxe7 36. Bc7 Bf6 37. Bxb6 Bxb2 38. a4 Bc3 39. Bxc5 Bb4 40.
Bxb4 axb4 41. c5 Ne7 42. Bxf7 1-0

[Event "OPEN A"]
[Site "?"]
[Date "2008.08.23"]
[Round "1.17"]
[White "Bernath, S."]
[Black "Pokorny, M."]
[Result "0-1"]
[WhiteElo "1952"]
[BlackElo "2172"]
[PlyCount "71"]
[EventDate "2008.08.23"]
[SourceDate "2008.08.23"]

1. e4 e6 2. d4 d5 3. Nd2 Nf6 4. e5 Nfd7 5. Bd3 c5 6. c3 Nc6 7. Ne2 cxd4 8. cxd4
Qb6 9. Nf3 f6 10. exf6 Nxf6 11. O-O Bd6 12. Re1 O-O 13. Nc3 Bd7 14. Bg5 Kh8 15.
Bc2 Rae8 16. a3 Bb8 17. Qd3 g6 18. Rad1 a6 19. Nh4 Ne7 20. Qh3 Kg8 21. Bxf6
Rxf6 22. Nf3 Kg7 23. b4 Rc8 24. Ba4 Rxc3 25. Bxd7 Nf5 26. Qg4 Rxf3 27. gxf3 Qd6
28. Bxe6 Rxe6 29. Rxe6 Qxe6 30. Qg5 Qe2 31. Rd2 Qxf3 32. Qd8 Bxh2+ 33. Kxh2
Qf4+ 34. Kg1 Qxd2 35. Qxd5 Qg5+ 36. Kh1 0-1

[Event "Open A"]
[Site "?"]
[Date "2008.08.23"]
[Round "1.18"]
[White "Drábek, V."]
[Black "Lacina, F."]
[Result "1/2-1/2"]
[WhiteElo "2157"]
[BlackElo "1949"]
[PlyCount "80"]
[EventDate "2008.08.23"]
[SourceDate "2008.08.23"]

1. e4 c5 2. Nf3 d6 3. d4 cxd4 4. Nxd4 Nf6 5. Nc3 a6 6. Bg5 e6 7. f4 Nbd7 8. Qf3
Qc7 9. O-O-O Be7 10. Bd3 b5 11. Rhe1 Bb7 12. Qh3 b4 13. Na4 h6 14. Kb1 Nc5 15.
Nxc5 dxc5 16. Bxf6 gxf6 17. Nf3 c4 18. Bf1 c3 19. f5 e5 20. Qg3 Rc8 21. Qg7 Rf8
22. Qxh6 cxb2 23. Qd2 Rd8 24. Qe3 Rc8 25. Qb3 Qc3 26. Rd3 Qxb3 27. axb3 Bc5 28.
Kxb2 Ke7 29. Rd2 Rh8 30. g4 Rhg8 31. h3 a5 32. Bc4 Rgd8 33. Bd5 Ba6 34. g5 Bd6
35. Bc4 Bxc4 36. gxf6+ Kxf6 37. Rxd6+ Ke7 38. Rd2 Bb5 39. Nxe5 a4 40. bxa4 Bxa4
1/2-1/2

[Event "Open A"]
[Site "?"]
[Date "2008.08.23"]
[Round "1.19"]
[White "Feierfeil"]
[Black "Ptak"]
[Result "1/2-1/2"]
[WhiteElo "1947"]
[BlackElo "2148"]
[PlyCount "79"]
[EventDate "2008.08.22"]
[SourceDate "2008.08.23"]

1. d4 d5 2. Bf4 Nf6 3. Nf3 g6 4. e3 Bg7 5. Nbd2 c6 6. Be2 Qb6 7. Rb1 O-O 8. O-O
a5 9. Ne5 Nfd7 10. Ndf3 Nxe5 11. Nxe5 Nd7 12. Nxd7 Bxd7 13. Bg4 Bxg4 14. Qxg4
Rfe8 15. c3 e5 16. dxe5 Bxe5 17. Bxe5 Rxe5 18. Qd4 Qc7 19. Rfc1 Re4 20. Qf6
Rae8 21. Rd1 R8e6 22. Qf3 Ra4 23. a3 Rae4 24. g3 Kg7 25. Rd4 Rf6 26. Qe2 h5 27.
Rxe4 dxe4 28. Rd1 Qe5 29. Qc4 Qf5 30. Rd2 h4 31. b4 axb4 32. axb4 b5 33. Qe2
Qe5 34. Rd4 Rd6 35. Kg2 Re6 36. Qg4 hxg3 37. hxg3 f5 38. Qh4 Rd6 39. Qg5 Rxd4
40. exd4 1/2-1/2

[Event "Open A"]
[Site "?"]
[Date "2008.08.23"]
[Round "1.20"]
[White "Postupa"]
[Black "Horyna"]
[Result "1-0"]
[WhiteElo "2135"]
[BlackElo "1977"]
[Annotator "Øeøábek,Jaroslav"]
[PlyCount "30"]
[EventDate "2008.08.22"]
[SourceDate "2008.08.23"]

1. e4 e6 2. d4 d5 3. e5 c5 4. c3 Nc6 5. Nf3 Qb6 6. Be2 cxd4 7. cxd4 Be7 8. O-O
Bd7 9. Nc3 Rc8 10. a3 a5 11. Bd3 h6 12. Bd2 g5 13. Ne1 Qd8 14. f4 gxf4 15. Bxf4
{dale necitelny} Nxd4 1-0

[Event "Open A"]
[Site "?"]
[Date "2008.08.23"]
[Round "1.21"]
[White "Lexa, V."]
[Black "Vojta, P."]
[Result "0-1"]
[WhiteElo "1937"]
[BlackElo "2137"]
[PlyCount "38"]
[EventDate "2008.08.23"]
[SourceDate "2008.08.23"]

1. d4 Nf6 2. c4 e6 3. Nc3 d5 4. Nf3 c6 5. e3 Bd6 6. Bd3 O-O 7. O-O Nbd7 8. b3
e5 9. cxd5 cxd5 10. dxe5 Nxe5 11. Be2 Bg4 12. Bb2 Nxf3+ 13. Bxf3 Bxf3 14. Qxf3
Be5 15. Qf5 Re8 16. Rad1 Qa5 17. Rd3 d4 18. f4 dxc3 19. fxe5 cxb2 0-1

[Event "Open A"]
[Site "?"]
[Date "2008.08.23"]
[Round "1.22"]
[White "Galandauer"]
[Black "Petrun"]
[Result "0-1"]
[WhiteElo "2123"]
[BlackElo "1923"]
[PlyCount "42"]
[EventDate "2008.08.22"]
[SourceDate "2008.08.23"]

1. e4 c5 2. Nf3 Nc6 3. d4 cxd4 4. Nxd4 Nf6 5. Nc3 e6 6. Be2 Bb4 7. Qd3 d5 8.
Nxc6 bxc6 9. exd5 exd5 10. O-O O-O 11. Bg5 Re8 12. Bf3 h6 13. Bh4 Bd6 14. Rfe1
Rb8 15. Bxd5 cxd5 16. Nxd5 Bxh2+ 17. Kxh2 Ng4+ 18. Kg3 g5 19. Rab1 Qd6+ 20. f4
Re3+ 21. Nxe3 Qxf4+ 0-1

[Event "OPEN A"]
[Site "?"]
[Date "2008.08.23"]
[Round "1.23"]
[White "Adamik, F."]
[Black "Krasnay, P."]
[Result "1/2-1/2"]
[WhiteElo "1921"]
[BlackElo "2117"]
[PlyCount "50"]
[EventDate "2008.08.23"]
[SourceDate "2008.08.23"]

1. c4 Nf6 2. Nc3 g6 3. e4 d6 4. d4 Bg7 5. Bd3 O-O 6. Nge2 Nbd7 7. f3 e5 8. d5
Nh5 9. Be3 f5 10. Ng3 Nf4 11. Bxf4 exf4 12. Nge2 Qh4+ 13. Kd2 Ne5 14. Qg1 Bd7
15. Rf1 Rae8 16. Kc2 c6 17. g3 fxg3 18. hxg3 Qf6 19. Qh2 h6 20. Nf4 b5 21. dxc6
bxc4 22. cxd7 cxd3+ 23. Nxd3 Nxd7 24. exf5 Ne5 25. Qh4 Qxf5 1/2-1/2

[Event "OPEN A"]
[Site "?"]
[Date "2008.08.23"]
[Round "1.24"]
[White "Ruzicka, Z."]
[Black "Berg, A."]
[Result "1-0"]
[WhiteElo "2117"]
[BlackElo "1915"]
[PlyCount "63"]
[EventDate "2008.08.23"]
[SourceDate "2008.08.23"]

1. d4 d5 2. c4 e6 3. Nc3 Nf6 4. Bg5 Nbd7 5. e3 c6 6. Bd3 Qa5 7. Bh4 dxc4 8.
Bxc4 Ne4 9. Qd3 Bb4 10. Nge2 Nxc3 11. bxc3 Bd6 12. Bg3 Bxg3 13. Nxg3 b5 14. Bb3
c5 15. Qd2 Bb7 16. O-O cxd4 17. Qxd4 Nf6 18. a4 O-O 19. Qe5 Rfc8 20. Rfc1 a6
21. Bd1 Qb6 22. Rab1 Rc5 23. Qd4 Rd8 24. Qb4 Qc6 25. Bf3 Nd5 26. Qa5 Rc8 27.
Ne4 Rc4 28. axb5 axb5 29. Qxb5 Qxb5 30. Rxb5 Nxc3 31. Nxc3 Bxf3 32. gxf3 1-0

[Event "Open A"]
[Site "?"]
[Date "2008.08.23"]
[Round "1.25"]
[White "Rutter, L."]
[Black "Fojtu, J."]
[Result "0-1"]
[WhiteElo "1893"]
[BlackElo "2105"]
[PlyCount "64"]
[EventDate "2008.08.22"]
[SourceDate "2008.08.23"]

1. e4 c5 2. Nf3 Nc6 3. d4 cxd4 4. Nxd4 Nf6 5. Nc3 d6 6. Bc4 e6 7. Bg5 Be7 8.
Qd2 O-O 9. O-O-O a6 10. Bxf6 gxf6 11. f4 Qa5 12. Rhf1 Qc5 13. Nxc6 bxc6 14. Qe2
d5 15. exd5 cxd5 16. Bd3 f5 17. Rf3 f6 18. Rh3 Rb8 19. Bxa6 Bd7 20. Rdd3 Rf7
21. Rdg3+ Kf8 22. Nd1 Bd6 23. Rf3 Rb4 24. g3 Qa5 25. Ra3 Qb6 26. Bd3 Qc6 27.
Ra6 Rb6 28. Bb5 Qb7 29. Rxb6 Qxb6 30. Bxd7 Rxd7 31. Rh6 Rf7 32. Qxe6 Bxf4+ 0-1

[Event "Open A"]
[Site "?"]
[Date "2008.08.23"]
[Round "1.26"]
[White "Hadzala"]
[Black "Machalik"]
[Result "1-0"]
[WhiteElo "2099"]
[BlackElo "1877"]
[PlyCount "133"]
[EventDate "2008.08.22"]
[SourceDate "2008.08.23"]

1. d4 d5 2. Nf3 Nf6 3. c4 c6 4. Nc3 e6 5. cxd5 cxd5 6. Bg5 Nc6 7. e3 Be7 8. Bd3
O-O 9. O-O Bd7 10. Qe2 Rc8 11. Rfc1 Qb6 12. Ne5 Rfd8 13. Na4 Qc7 14. Bxf6 Bxf6
15. Bxh7+ Kxh7 16. Qh5+ Kg8 17. Qxf7+ Kh8 18. Ng6+ Kh7 19. Nf4 Qd6 20. Nc5 Be8
21. Qxe6 Qxe6 22. Nfxe6 Rd6 23. Nf4 b6 24. Nb3 Bd7 25. Nd3 Bf5 26. Rc3 Bxd3 27.
Rxd3 Nb4 28. Rd2 Rdc6 29. a3 Na6 30. Kf1 Kg6 31. Ke2 Nc7 32. f3 Ne6 33. Kd3 Bg5
34. g4 Be7 35. f4 Kf6 36. Rdd1 a5 37. Rac1 a4 38. Rxc6 Rxc6 39. Nd2 Rc8 40. Nb1
b5 41. Nc3 Nc7 42. h4 Rh8 43. h5 Ke6 44. e4 dxe4+ 45. Kxe4 Bd6 46. Rh1 Rf8 47.
Rf1 Rf6 48. f5+ Ke7 49. g5 Rf8 50. Rh1 Kf7 51. h6 Re8+ 52. Kd3 gxh6 53. Rxh6
Bf4 54. Ne4 Rg8 55. g6+ Kf8 56. Rh5 Nd5 57. Nc5 Bd6 58. Ne6+ Ke7 59. Rh7+ Ke8
60. Ra7 Ne7 61. Ke4 Bb8 62. Rb7 Bd6 63. Rxb5 Kd7 64. g7 Kc6 65. Ra5 Nc8 66. f6
Re8 67. d5+ 1-0

[Event "Open A"]
[Site "?"]
[Date "2008.08.23"]
[Round "1.27"]
[White "Muzikar, M."]
[Black "Vevera, R."]
[Result "1-0"]
[WhiteElo "1837"]
[BlackElo "2090"]
[PlyCount "73"]
[EventDate "2008.08.22"]
[SourceDate "2008.08.23"]

1. e4 c6 2. d4 d5 3. exd5 cxd5 4. Bd3 Nc6 5. c3 Nf6 6. Bf4 g6 7. Nf3 Bg7 8.
Nbd2 Nh5 9. Bg3 O-O 10. O-O Nxg3 11. fxg3 e5 12. Nxe5 Nxe5 13. dxe5 Qb6+ 14.
Rf2 Qxb2 15. Ne4 Qa3 16. Nf6+ Kh8 17. Rc1 Be6 18. Rf4 Rfc8 19. Qd2 d4 20. Rh4
h5 21. Qg5 Bg4 22. Nxg4 Rxc3 23. Rxc3 Qxc3 24. Bf1 Rc8 25. h3 d3 26. Nf6 Qc1
27. Qxc1 Rxc1 28. Rd4 Bf8 29. Nd7 d2 30. Rxd2 Bh6 31. Re2 Rd1 32. Nf6 Bd2 33.
Kf2 Ba5 34. Rc2 Bb6+ 35. Ke2 Ra1 36. g4 Bd4 37. g5 1-0

[Event "OPEN A"]
[Site "?"]
[Date "2008.08.23"]
[Round "1.28"]
[White "Pavlicek, P."]
[Black "Halla, J."]
[Result "1/2-1/2"]
[WhiteElo "2086"]
[BlackElo "1834"]
[PlyCount "93"]
[EventDate "2008.08.23"]
[SourceDate "2008.08.23"]

1. c4 Nf6 2. Nf3 g6 3. Nc3 Bg7 4. g3 O-O 5. Bg2 d6 6. d4 c6 7. O-O Nbd7 8. e4
e5 9. h3 Re8 10. Be3 Qc7 11. Rc1 b6 12. b4 a5 13. a3 axb4 14. axb4 Ra3 15. d5
Rxc3 16. Rxc3 Nxe4 17. Rc2 f5 18. Nd2 Nxd2 19. Qxd2 c5 20. b5 e4 21. f3 exf3
22. Bxf3 Nf6 23. Re1 Ne4 24. Qg2 Nf6 25. Rce2 Nd7 26. Bf4 Bd4+ 27. Kh2 Rxe2 28.
Qxe2 Ne5 29. Bg2 Qa7 30. Rd1 Qe7 31. Rd2 Bc3 32. Rc2 Ba5 33. Kh1 Kf7 34. Bd2
Bb4 35. Bxb4 cxb4 36. Rb2 Qc7 37. Rxb4 Qc5 38. Ra4 Kf6 39. Bf1 h6 40. Kg2 Qd4
41. Ra7 f4 42. gxf4 Qxf4 43. Qf2 Bxh3+ 44. Kg1 Qxf2+ 45. Kxf2 Bxf1 46. Kxf1
Nxc4 47. Ke2 1/2-1/2

[Event "Open A"]
[Site "?"]
[Date "2008.08.23"]
[Round "1.29"]
[White "Benak, J."]
[Black "Skala, J."]
[Result "1/2-1/2"]
[WhiteElo "1827"]
[BlackElo "2084"]
[PlyCount "64"]
[EventDate "2008.08.22"]
[SourceDate "2008.08.23"]

1. Nf3 d6 2. d4 Nf6 3. c4 g6 4. Nc3 Bg7 5. e4 O-O 6. Be2 e5 7. O-O Nc6 8. d5
Ne7 9. b4 Nd7 10. Ba3 f5 11. c5 fxe4 12. Nxe4 Nf6 13. Nfg5 Nxe4 14. Nxe4 Nf5
15. b5 dxc5 16. Nxc5 Nd6 17. Ne6 Bxe6 18. dxe6 Re8 19. Bxd6 cxd6 20. Qd5 Qe7
21. Rad1 Rad8 22. Bf3 b6 23. Rc1 Kh8 24. Bg4 Rc8 25. Rc6 Rxc6 26. Qxc6 h5 27.
Bh3 g5 28. Bf5 g4 29. Qd7 Bf8 30. Rc1 Kg7 31. Qc6 Kf6 32. Qc2 Qg7 1/2-1/2

[Event "Open A"]
[Site "?"]
[Date "2008.08.23"]
[Round "1.30"]
[White "Skacel, J."]
[Black "Hampel, R."]
[Result "1-0"]
[WhiteElo "2062"]
[BlackElo "1826"]
[PlyCount "44"]
[EventDate "2008.08.23"]
[SourceDate "2008.08.23"]

1. d4 Nf6 2. c4 g6 3. Nc3 d5 4. Bf4 Bg7 5. e3 O-O 6. Nf3 c6 7. Qb3 e6 8. Be2
Nbd7 9. O-O a6 10. Rac1 dxc4 11. Bxc4 b5 12. Be2 Bb7 13. Rfd1 Rc8 14. Ne5 Qb6
15. Nd3 Rfd8 16. Bd6 Re8 17. Nc5 e5 18. Nxd7 Nxd7 19. Bg4 Qd8 20. Bxe5 Bxe5 21.
dxe5 Re7 22. Ne4 Kg7 1-0